LIBRARY & INFORMATION CENTRE, KCAET, TAVANUR

ONLINE PUBLIC ACCESS CATALOGUE (OPAC)

Fundamentals of metal cutting and machine tools / (Record no. 2432)

MARC details
000 -LEADER
fixed length control field 00585cam a2200229ua 4500
020 ## - INTERNATIONAL STANDARD BOOK NUMBER
ISBN 0 85226 519 0
041 ## - LANGUAGE CODE
Language code of text/sound track or separate title eng
082 ## - DEWEY DECIMAL CLASSIFICATION NUMBER
Classification number 671.53
Item number JUN/FU
100 ## - MAIN ENTRY--AUTHOR NAME
Personal name Juneja, B.L .
245 ## - TITLE STATEMENT
Title Fundamentals of metal cutting and machine tools /
250 ## - EDITION STATEMENT
Edition statement 1 /
260 ## - PUBLICATION, DISTRIBUTION, ETC. (IMPRINT)
Place of publication :
Name of publisher New Age International Ltd ,
Year of publication 2000.
300 ## - PHYSICAL DESCRIPTION
Number of Pages 462 ; .
700 1# - ADDED ENTRY--PERSONAL NAME
Personal name Sekhon, G.S .
942 ## - ADDED ENTRY ELEMENTS (KOHA)
Koha item type Books
Holdings
Withdrawn status Lost status Damaged status Home library Current library Date acquired Full call number Accession Number Koha item type
      KAUAET KAUAET 07/04/2012 671.53 20407 Books
      KAUAET KAUAET 07/04/2012 671.53 19936 Books
      KAUAET KAUAET 07/04/2012 671.53 20203 Books
      KAUAET KAUAET 07/04/2012 671.53 20202 Books
free website counter